[Event "Flint (Class B/4)"]
[Site "?"]
[Date "1993.??.??"]
[Round "?"]
[White "Nicolli, Randy"]
[Black "Kamberi, Sonny"]
[Result "1-0"]
[WhiteElo "1625"]
[BlackElo "1660"]
[PlyCount "63"]
[EventDate "1993.??.??"]

1. e4 e5 2. Nf3 Nc6 3. Bb5 a6 4. Ba4 Nf6 5. O-O Be7 6. d3 b5 7. Bb3 O-O 8. a3
d6 9. h3 Na5 10. Ba2 c5 11. Bd2 Bb7 12. Qe1 Nc6 13. Nc3 Nd4 14. Nxd4 cxd4 15.
Ne2 d5 16. f3 dxe4 17. fxe4 Rc8 18. Rc1 Bc5 19. Bg5 Be7 20. Ng3 h6 21. Bd2 Ne8
22. Nf5 Bg5 23. Bxg5 hxg5 24. Rf3 Nd6 25. Qf2 Nxe4 26. dxe4 Bxe4 27. Nh6+ gxh6
28. Rxf7 Rxf7 29. Qxf7+ Kh8 30. Qe6 Qe8 31. Qxh6+ Bh7 32. Qf6# 1-0

[Event "ansing (MI Am/3)"]
[Site "?"]
[Date "1993.??.??"]
[Round "?"]
[White "Nicolli, Randy"]
[Black "Hayes, P."]
[Result "1-0"]
[WhiteElo "1695"]
[BlackElo "1605"]
[PlyCount "53"]
[EventDate "1993.??.??"]

1. f4 Nf6 2. b3 d6 3. Bb2 Nbd7 4. Nf3 e6 5. e3 Be7 6. Be2 b6 7. O-O Bb7 8. Qe1
O-O 9. h3 c5 10. d3 Nd5 11. Qf2 Rc8 12. a3 Bf6 13. Bxf6 N7xf6 14. Nbd2 Nc3 15.
Nh2 Nxe2+ 16. Qxe2 d5 17. Ng4 {[Remainder illegible; 1-0, 32]} a6 18. Nxf6+
Qxf6 19. a4 Qc3 20. Nf3 f6 21. Rac1 Rce8 22. Qf2 e5 23. Nh4 f5 24. Nf3 exf4 25.
exf4 c4 26. Rfe1 g6 27. d4 1-0

[Event "East Lansing (MOR/4/15)"]
[Site "?"]
[Date "1993.??.??"]
[Round "?"]
[White "Nicolli, Randy"]
[Black "Foote, Greg"]
[Result "1-0"]
[WhiteElo "1695"]
[BlackElo "1605"]
[PlyCount "137"]
[EventDate "1993.??.??"]

{4/(15)} 1. f4 Nf6 2. b3 g6 3. Bb2 Bg7 4. Nf3 d5 5. g3 Bg4 6. Bg2 O-O 7. O-O
Nbd7 8. d3 c5 9. Nbd2 Qc7 10. Qe1 Rfe8 11. e4 dxe4 12. dxe4 Qc8 13. Ne5 Nxe5
14. Bxe5 Bh3 15. Nf3 Bxg2 16. Kxg2 Qc6 17. Nd2 Nd7 18. Bxg7 Kxg7 19. c4 f5 20.
Kg1 e5 21. Qe3 fxe4 22. f5 Nf6 23. h3 Rad8 24. fxg6 Rd3 25. Qg5 h6 26. Rxf6
Qxf6 27. Qxf6+ Kxf6 28. Nxe4+ Kxg6 29. Nxc5 Rxg3+ 30. Kh2 Rc3 31. Nxb7 e4 32.
Rg1+ Kf6 33. Rg2 e3 34. Re2 Rd3 35. Kg2 Kg5 36. Nc5 Rd2 37. Kf3 Rxe2 38. Kxe2
Kf4 39. Nd3+ Kg3 40. c5 Kxh3 41. Nf4+ Kg4 42. Nd5 h5 43. Nf6+ Kf4 44. Nxe8 h4
45. c6 h3 46. c7 h2 47. c8=Q h1=Q 48. Qc7+ Kg5 49. Qg7+ Kf4 50. Qf6+ Kg4 51.
Qd4+ Kf5 52. Ng7+ Kg6 53. Qg4+ Kf7 54. Qf3+ Qxf3+ 55. Kxf3 e2 56. Kxe2 Kxg7 57.
Kd3 Kf7 58. Kc4 Ke7 59. Kb5 Kd6 60. Ka6 Kc5 61. Kxa7 Kb4 62. Kb6 Ka3 63. Ka5
Kxa2 64. b4 Kb3 65. b5 Kc4 66. Ka6 Kc5 67. b6 Kc6 68. b7 Kc7 69. Ka7 1-0

[Event "Lansing (MI Am/5)"]
[Site "?"]
[Date "1993.??.??"]
[Round "?"]
[White "Nicolli, Randy"]
[Black "Bee, A."]
[Result "0-1"]
[WhiteElo "1695"]
[BlackElo "1820"]
[PlyCount "94"]
[EventDate "1993.??.??"]

1. f4 d5 2. b3 Bf5 3. Bb2 e6 4. Nf3 Nf6 5. e3 Be7 6. Be2 O-O 7. O-O h6 8. Ne5
Nbd7 9. d3 Bc5 10. d4 Bd6 11. Bd3 Ne4 12. Nd2 Ndf6 13. a3 Nxd2 14. Qxd2 Ne4 15.
Qe2 Kh7 16. g4 Bg6 17. Nxg6 Kxg6 18. Qg2 Kh7 19. Bxe4+ dxe4 20. Qxe4+ Kg8 21.
f5 Qh4 22. Rf2 exf5 23. Qxf5 Rae8 24. e4 c6 25. Raf1 Re6 26. e5 Bc7 27. Bc1 c5
28. c3 cxd4 29. cxd4 Rg6 30. Rg2 Bb6 31. Be3 Qd8 32. Qd3 Qd5 33. Rf4 Rc8 34. h4
Rgc6 35. g5 hxg5 36. Rxg5 Rc3 37. Qf5 Qe6 38. Qe4 Qh3 39. Rf3 Rc1+ 40. Bxc1
Rxc1+ 41. Kf2 Bxd4+ 42. Ke2 Qh2+ 43. Kd3 Qc2+ 44. Kxd4 Qc5+ 45. Kd3 Qc3+ 46.
Ke2 Qe1+ 47. Kd3 Rd1+ 0-1

[Event "Lansing (MI Am/1)"]
[Site "?"]
[Date "1993.??.??"]
[Round "?"]
[White "Neely, Richard"]
[Black "Smith, Mike A"]
[Result "0-1"]
[WhiteElo "1605"]
[BlackElo "1915"]
[PlyCount "64"]
[EventDate "1993.??.??"]

1. d4 Nf6 2. c4 c5 3. d5 b5 4. cxb5 a6 5. Nc3 axb5 6. Bg5 b4 7. Nb5 Qa5 8. a4
bxa3+ 9. Nc3 Qb4 10. Bd2 Bb7 11. bxa3 Qb6 12. e4 d6 13. Bb5+ Nbd7 14. Nf3 g6
15. a4 Bg7 16. Rb1 Qc7 17. O-O O-O 18. Qc1 Rfb8 19. Bh6 Bh8 20. Re1 Ba6 21. Nh4
Ng4 22. Bg5 Bd4 23. Rb2 Bxb5 24. Nxb5 Bxb2 25. Nxc7 Bxc1 26. Nxa8 Bxg5 27. Nf3
Rxa8 28. Nxg5 Rxa4 29. h3 Nge5 30. f3 h6 31. f4 hxg5 32. fxe5 Nxe5 0-1

[Event "Lansing (MI Am/5)"]
[Site "?"]
[Date "1993.??.??"]
[Round "?"]
[White "Neely, Richard"]
[Black "Smalec, John"]
[Result "0-1"]
[WhiteElo "1605"]
[BlackElo "1700"]
[PlyCount "74"]
[EventDate "1993.??.??"]

1. d4 Nf6 2. c4 c5 3. d5 b5 4. cxb5 a6 5. e3 g6 6. Nc3 Bg7 7. Nf3 d6 8. Be2 O-O
9. O-O axb5 10. Nxb5 Bb7 11. Nc3 Nbd7 12. e4 Qb6 13. a4 Rfb8 14. Bb5 Ba6 15.
Re1 Bxb5 16. Nxb5 Qa5 17. Bd2 Qd8 18. Bc3 Nb6 19. h3 Nxa4 20. Rxa4 Rxb5 21. Qc2
Qb8 22. Rea1 Rxa4 23. Rxa4 Bh6 24. Ra5 Rxa5 25. Bxa5 Bg7 26. Bc3 Qb5 27. Nd2
Bh6 28. f3 Qe2 29. Qc1 Nh5 30. Qf1 Be3+ 31. Kh2 Bf4+ 32. Kg1 Ng3 33. Qa1 Qe3+
34. Kh2 Nxe4+ 35. Kh1 Nxc3 36. Nc4 Qd3 37. Nb6 Nd1 0-1

[Event "East Lansing (MOR/4/38)"]
[Site "?"]
[Date "1993.??.??"]
[Round "?"]
[White "Neely, Richard"]
[Black "Jackson, Don"]
[Result "1-0"]
[WhiteElo "1605"]
[BlackElo "1605"]
[PlyCount "53"]
[EventDate "1993.??.??"]

{4/(38)} 1. d4 d5 2. c4 Nf6 3. Nc3 e6 4. Bg5 Be7 5. Nf3 Ne4 6. Nxe4 dxe4 7.
Bxe7 Qxe7 8. Nd2 e3 9. fxe3 O-O 10. Nf3 Qb4+ 11. Nd2 Qxb2 12. g3 Qa3 13. Qb3
Qe7 14. Bg2 c6 15. O-O Na6 16. c5 Rb8 17. Nc4 Nxc5 18. dxc5 Qxc5 19. Rad1 e5
20. Nd6 Be6 21. Qd3 Rfd8 22. Nxb7 Rxd3 23. Nxc5 Rxd1 24. Rxd1 Bxa2 25. Bxc6 f6
26. Nd7 Rd8 27. Nxf6+ 1-0

[Event "Lansing (MI Am/3)"]
[Site "?"]
[Date "1993.??.??"]
[Round "?"]
[White "Neely, Richard"]
[Black "Gregory, Kevin"]
[Result "1/2-1/2"]
[WhiteElo "1605"]
[BlackElo "1835"]
[PlyCount "132"]
[EventDate "1993.??.??"]

1. d4 d5 2. c4 e6 3. Nc3 f5 4. Nf3 c6 5. e3 Bd6 6. g3 Nd7 7. Bg2 Ngf6 8. cxd5
exd5 9. O-O O-O 10. Ng5 Qe7 11. h4 Ne4 12. Nh3 Ndf6 13. Re1 Qf7 14. Qc2 Bd7 15.
Ne2 Rae8 16. Nhf4 Nh5 17. Bd2 g5 18. hxg5 Nxg5 19. a3 Ne4 20. Bb4 Bxb4 21. axb4
a6 22. Nxh5 Qxh5 23. Nf4 Qh6 24. Qe2 Nf6 25. b3 Ng4 26. b5 axb5 27. Ra7 Bc8 28.
Bf3 Re7 29. Rea1 Rfe8 30. Bg2 Qd6 31. Qf3 Qb4 32. Rb1 Qd6 33. Qe2 Nf6 34. Nh3
Ne4 35. Qh5 Rg7 36. Qxe8+ Qf8 37. Qxf8+ Kxf8 38. Ra8 Nd6 39. Nf4 Ke7 40. Re1
Kd7 41. Kh2 Kc7 42. Bh3 Ne4 43. Kg2 Nd2 44. b4 Nc4 45. e4 Nb6 46. Ra2 dxe4 47.
f3 exf3+ 48. Kxf3 Kd6 49. Rae2 Nc4 50. Re8 Bd7 51. Rd8 Kc7 52. Rf8 Nd2+ 53. Ke2
Ne4 54. Kd1 Nf2+ 55. Kc2 Nxh3 56. Nxh3 Rxg3 57. Nf4 Rg4 58. Nh5 Rxd4 59. Kc3
Rc4+ 60. Kb3 Rd4 61. Re7 Kd6 62. Rff7 Bc8 63. Rxh7 Be6+ 64. Kc3 Rc4+ 65. Kb3
Rd4+ 66. Kc3 Rc4+ 1/2-1/2

[Event "East Lansing (MOR/6/30)"]
[Site "?"]
[Date "1993.??.??"]
[Round "?"]
[White "Neely, Richard"]
[Black "Gregg, Ted"]
[Result "0-1"]
[WhiteElo "1605"]
[BlackElo "1605"]
[PlyCount "86"]
[EventDate "1993.??.??"]

{6/(30)} 1. d4 f5 2. c4 d5 3. Nc3 Nf6 4. Nf3 e6 5. Bg5 c6 6. g3 Bd6 7. Bg2 O-O
8. O-O f4 9. cxd5 exd5 10. Ne5 Qc7 11. Bxf4 Nh5 12. Nxd5 cxd5 13. Bxd5+ Kh8 14.
Rc1 Qe7 15. Nf7+ Rxf7 16. Bxf7 Nd7 17. Bxd6 Qxd6 18. Bxh5 Nf6 19. e3 Bh3 20.
Re1 Rf8 21. Bf3 h5 22. e4 Ng4 23. e5 Qe6 24. Bxg4 Bxg4 25. Qd2 Qd5 26. f4 Rd8
27. Rc5 Qxc5 28. dxc5 Rxd2 29. e6 Rd8 30. b4 Re8 31. e7 Kg8 32. Re5 Kf7 33. h3
Bxh3 34. Rxh5 Be6 35. a3 Rxe7 36. Rh8 Bc4 37. Kf2 Re2+ 38. Kf3 Ra2 39. Kg4 Rxa3
40. f5 Rb3 41. Rd8 Be2+ 42. Kf4 Rxb4+ 43. Kg5 Rg4+ 0-1

[Event "East Lansing (MOR/2/10)"]
[Site "?"]
[Date "1993.??.??"]
[Round "?"]
[White "Neely, Richard"]
[Black "Carr, J."]
[Result "0-1"]
[WhiteElo "1605"]
[BlackElo "1725"]
[PlyCount "44"]
[EventDate "1993.??.??"]

{2/(10)} 1. d4 d5 2. e4 dxe4 3. Nc3 Nf6 4. f3 e6 5. fxe4 Nc6 6. Bb5 Bd7 7. Nf3
h6 8. O-O a6 9. Ba4 Na5 10. Bxd7+ Qxd7 11. Ne5 Qe7 12. Bf4 Rd8 13. Qd2 Qb4 14.
Be3 Nc4 15. Nxc4 Qxc4 16. b3 Qc6 17. Na4 Qxe4 18. Rf4 Qg6 19. Qc3 Nd5 20. Qa5
Nxe3 21. Rf2 Nd5 22. Raf1 Bb4 0-1

[Event "Flint (Class B/4)"]
[Site "?"]
[Date "1993.??.??"]
[Round "?"]
[White "Munger, Larry"]
[Black "Vega, D."]
[Result "1/2-1/2"]
[WhiteElo "1730"]
[BlackElo "1605"]
[PlyCount "84"]
[EventDate "1993.??.??"]

1. e4 e5 2. d3 Nc6 3. g3 b6 4. Bg2 Bb7 5. Be3 d6 6. Nc3 g6 7. Qd2 Bg7 8. Nd5
Nce7 9. c4 c6 10. Nc3 f5 11. d4 exd4 12. Bxd4 Nf6 13. O-O-O O-O 14. Nge2 Qc7
15. Be3 Rad8 16. Nf4 Bc8 17. Qc2 fxe4 18. Nxe4 Nxe4 19. Bxe4 Nf5 20. Qb3 Kh8
21. h4 Rde8 22. Bxf5 Bxf5 23. h5 g5 24. h6 Be5 25. Nh5 Re7 26. Bxg5 Ref7 27.
Bf4 Bg4 28. Bxe5+ dxe5 29. f4 e4 30. Qc3+ Kg8 31. Rde1 Qe7 32. Ng7 Rd8 33. Qe5
Qxe5 34. fxe5 Rf2 35. e6 Rdd2 36. e7 Rc2+ 37. Kb1 Rxb2+ 38. Ka1 Rxa2+ 39. Kb1
Rfb2+ 40. Kc1 Rc2+ 41. Kb1 Rab2+ 42. Ka1 Ra2+ 1/2-1/2

[Event "Flint (Class B/1)"]
[Site "?"]
[Date "1993.??.??"]
[Round "?"]
[White "Munger, Larry"]
[Black "McGrath, Michael"]
[Result "0-1"]
[WhiteElo "1730"]
[BlackElo "1615"]
[PlyCount "54"]
[EventDate "1993.??.??"]

1. e4 e5 2. d3 Bc5 3. g3 Nc6 4. Bg2 d6 5. Nf3 Bg4 6. O-O Qd7 7. c3 h5 8. Qc2 f6
9. b4 Bb6 10. Be3 Bxe3 11. fxe3 g5 12. Qf2 h4 13. Nxg5 hxg3 14. hxg3 O-O-O 15.
Nf3 Rh5 16. Nh4 Qh7 17. Bf3 Nh6 18. Nd2 Rg8 19. Bg2 Ne7 20. Qxf6 Be2 21. Bh3+
Nef5 22. Qe6+ Kd8 23. Kh2 Ng4+ 24. Bxg4 Rxh4+ 25. gxh4 Qxh4+ 26. Bh3 Qg3+ 27.
Kh1 Qxh3# 0-1

[Event "East Lansing (MOR/7/6)"]
[Site "?"]
[Date "1993.??.??"]
[Round "?"]
[White "Munger, Larry"]
[Black "Golingai, P."]
[Result "1/2-1/2"]
[WhiteElo "1700"]
[BlackElo "1670"]
[PlyCount "107"]
[EventDate "1993.??.??"]

{7/(6)} 1. e4 e6 2. d4 d5 3. Nc3 Nf6 4. Bg5 Be7 5. e5 Nfd7 6. Bxe7 Qxe7 7. f4
O-O 8. Nf3 c5 9. Be2 Nc6 10. O-O a6 11. Qd2 cxd4 12. Nxd4 Nxd4 13. Qxd4 Qc5 14.
Qxc5 Nxc5 15. Nd1 b5 16. Nf2 Bb7 17. Nd3 Rac8 18. f5 Nxd3 19. Bxd3 Rc7 20. fxe6
fxe6 21. Rxf8+ Kxf8 22. Bxh7 Rf7 23. Rf1 Rxf1+ 24. Kxf1 Kf7 25. g3 g6 26. Kf2
Kg7 27. Bxg6 Kxg6 28. Ke3 Kf5 29. Kd4 Bc6 30. h3 Be8 31. g4+ Kf4 32. c3 a5 33.
b3 a4 34. bxa4 bxa4 35. a3 Bg6 36. c4 dxc4 37. Kxc4 Kxe5 38. Kb4 Bc2 39. Kc3
Bb3 40. g5 Kf5 41. h4 Bd1 42. Kd4 Kg6 43. Ke5 Bg4 44. Kf4 Bf5 45. Ke5 Kh5 46.
Kf6 Kxh4 47. g6 Bxg6 48. Kxg6 Kg4 49. Kf6 Kf4 50. Kxe6 Ke4 51. Kf6 Kd4 52. Kf5
Kc4 53. Ke4 Kc3 54. Ke3 1/2-1/2

[Event "East Lansing (MOR/1b/6)"]
[Site "?"]
[Date "1993.??.??"]
[Round "?"]
[White "Munger, Larry"]
[Black "Gaiefsky, S."]
[Result "1-0"]
[WhiteElo "1700"]
[BlackElo "1605"]
[PlyCount "59"]
[EventDate "1993.??.??"]

1. e4 g6 2. d3 Bg7 3. g3 d6 4. Bg2 Nf6 5. Nf3 Nc6 6. c3 O-O 7. Qc2 e5 8. Bg5
Qe8 9. Nbd2 d5 10. Bxf6 Bxf6 11. exd5 Ne7 12. c4 Nf5 13. Ne4 Qe7 14. O-O Nd4
15. Nxd4 exd4 16. Rae1 Bg7 17. f4 Bf5 18. c5 Rad8 19. d6 cxd6 20. Nxd6 Qd7 21.
Nxb7 Rde8 22. Nd6 Rxe1 23. Rxe1 Qc7 24. b4 a5 25. b5 a4 26. b6 Qb8 27. Bd5 Be6
28. Bxe6 fxe6 29. Qxa4 Rf6 30. Qc4 1-0

[Event "East Lansing (MOR/6/2)"]
[Site "?"]
[Date "1993.??.??"]
[Round "?"]
[White "Munger, Larry"]
[Black "Gaiefsky, Mike"]
[Result "0-1"]
[WhiteElo "1700"]
[BlackElo "1765"]
[PlyCount "60"]
[EventDate "1993.??.??"]

{6/(2)} 1. e4 g6 2. g3 Bg7 3. Bg2 e5 4. d3 Nc6 5. c3 d6 6. Nf3 Nf6 7. O-O Bg4
8. Qc2 Qd7 9. Be3 Bxf3 10. Bxf3 h5 11. h4 Ng4 12. Bg2 Nxe3 13. fxe3 O-O-O 14.
Kh2 Kb8 15. Bh3 Qe7 16. Nd2 g5 17. Rf5 gxh4 18. gxh4 Bh6 19. Re1 Qxh4 20. Nf3
Qe7 21. Qf2 Rdg8 22. Rf1 h4 23. Ng1 Nd8 24. Rf3 Bg5 25. Bf5 h3 26. Rxh3 Bh4 27.
Qf3 Rg3 28. Rxg3 Bxg3+ 29. Kxg3 Qh4+ 30. Kg2 Qh2# 0-1

[Event "East Lansing (MOR/3/14)"]
[Site "?"]
[Date "1993.??.??"]
[Round "?"]
[White "Munger, Larry"]
[Black "Carpenter, George"]
[Result "1-0"]
[WhiteElo "1700"]
[BlackElo "1605"]
[PlyCount "99"]
[EventDate "1993.??.??"]

{3/(14)} 1. e4 d6 2. g3 Nf6 3. d3 g6 4. Bg2 Bg7 5. Nf3 O-O 6. Nbd2 Nbd7 7. O-O
c6 8. c3 Qc7 9. Re1 b5 10. d4 e5 11. a4 Bb7 12. axb5 cxb5 13. d5 Nc5 14. Qc2 a6
15. b3 Rfc8 16. Bb2 a5 17. c4 bxc4 18. bxc4 a4 19. Ba3 Qa5 20. Rab1 Ba6 21. Rb4
Nb3 22. Bf1 Bh6 23. Nxb3 axb3 24. Rxb3 Qa4 25. Rc3 Qd7 26. Bc1 Bg7 27. Kg2 Nxe4
28. Qxe4 f5 29. Qc2 e4 30. Ng5 Bxc3 31. Qxc3 Bxc4 32. Bxc4 Ra4 33. Bb5 Rxc3 34.
Bxd7 Ra2 35. Be6+ Kg7 36. Bf4 Rcc2 37. Nh3 Kf6 38. Bxd6 g5 39. g4 Rd2 40. Bxf5
h5 41. Rxe4 hxg4 42. Bxg4 Rxd5 43. Re6+ Kf7 44. Re7+ Kf6 45. Bb4 Rb5 46. Re6+
Kf7 47. Bc3 Rc5 48. Bd4 Rc4 49. Nxg5+ Kf8 50. Nf3 1-0

[Event "Lansing (MI Am/1)"]
[Site "?"]
[Date "1993.??.??"]
[Round "?"]
[White "Mulligan, D."]
[Black "Labiner, Jordan"]
[Result "0-1"]
[WhiteElo "1605"]
[BlackElo "1625"]
[PlyCount "60"]
[EventDate "1993.??.??"]

1. e4 Nf6 2. Nc3 d5 3. Bb5+ Bd7 4. exd5 Bxb5 5. Nxb5 a6 6. Nc3 Nxd5 7. Nxd5
Qxd5 8. Nf3 Nc6 9. O-O O-O-O 10. d4 Nxd4 11. Nh4 e6 12. b3 Qe4 13. Bg5 Ne2+ 14.
Kh1 Rxd1 15. Raxd1 Bd6 16. f3 Qe5 17. g3 Qxg5 18. f4 Nxg3+ 19. hxg3 Qxg3 20.
Rd3 Qxh4+ 21. Kg2 Bxf4 22. Rh1 Qg5+ 23. Kf3 Rd8 24. Rxd8+ Kxd8 25. c4 Qg3+ 26.
Ke4 Qg2+ 27. Kd3 Qxh1 28. Kc3 c5 29. a4 Qd1 30. b4 Be5# 0-1

[Event "Lansing (MI Am/3)"]
[Site "?"]
[Date "1993.??.??"]
[Round "?"]
[White "Mulligan, D."]
[Black "Gaiefsky, S."]
[Result "0-1"]
[WhiteElo "1605"]
[BlackElo "1605"]
[PlyCount "54"]
[EventDate "1993.??.??"]

1. e4 g6 2. Bc4 Bg7 3. Qf3 e6 4. Nc3 Nc6 5. Nge2 Ne5 6. Qf4 Nxc4 7. d3 e5 8.
Qf3 Nd6 9. Qg3 h5 10. Bg5 f6 11. Be3 g5 12. Nd5 c6 13. Ndc3 Nf7 14. Bc5 d6 15.
Ba3 h4 16. Qf3 g4 17. Qe3 Bh6 18. f4 gxf3 19. Qxf3 Bg5 20. O-O Qb6+ 21. Kh1 h3
22. gxh3 Rxh3 23. Ng3 Bf4 24. Kg2 Ngh6 25. Nce2 Ng4 26. Kxh3 Ng5+ 27. Kh4 Nxf3+
{[Remainder illegible; 0-1, 49]} 0-1

[Event "Troy (TCC/B/4/12)"]
[Site "?"]
[Date "1993.??.??"]
[Round "?"]
[White "Mousessian, J."]
[Black "McCarter, Robert"]
[Result "1/2-1/2"]
[WhiteElo "1750"]
[BlackElo "1715"]
[PlyCount "45"]
[EventDate "1993.??.??"]

{4/(12)} 1. e4 c5 2. c3 Nf6 3. e5 Nd5 4. Bc4 Nb6 5. Qb3 Nxc4 6. Qxc4 b6 7. d4
Ba6 8. Qb3 cxd4 9. cxd4 e6 10. Nc3 Bb7 11. d5 exd5 12. Nxd5 Nc6 13. Nf3 Bc5 14.
O-O h6 15. Be3 Bxe3 16. Nxe3 Ne7 17. Nc4 O-O 18. Nd6 Bd5 19. Qc3 f6 20. Rfe1
fxe5 21. Qxe5 Be6 22. Nd4 Rf6 23. Rac1 1/2-1/2

[Event "Flint (Class C/1)"]
[Site "?"]
[Date "1993.??.??"]
[Round "?"]
[White "Motley, Gerald"]
[Black "Landon, Robbie"]
[Result "1-0"]
[WhiteElo "1605"]
[BlackElo "1605"]
[PlyCount "155"]
[EventDate "1993.??.??"]

1. c4 e5 2. Nc3 Bc5 3. g3 Nf6 4. Bg2 c6 5. a3 O-O 6. e3 d5 7. d4 exd4 8. exd4
Re8+ 9. Be3 Bf8 10. c5 b6 11. b4 a5 12. Nge2 Ng4 13. Bd2 Qf6 14. O-O axb4 15.
axb4 Rxa1 16. Qxa1 bxc5 17. bxc5 Ba6 18. Qd1 Nd7 19. Bh3 Qf3 20. Bxg4 Qxg4 21.
Re1 Nf6 22. Be3 Ne4 23. Nxe4 Qxe4 24. Nc3 Qf5 25. Qd2 Bd3 26. Rd1 Bc4 27. Re1
g6 28. Ne2 Bd3 29. Nc3 Bg7 30. Bf4 Rxe1+ 31. Qxe1 Bxd4 32. Bh6 Qe6 33. Qd2 Qf6
34. Qb2 Qd8 35. Qd2 Qf6 36. Nd1 Be4 37. Qb4 Be5 38. Qb7 Qd8 39. Qxc6 Bg7 40.
Bxg7 Kxg7 41. Nc3 Qa5 42. Nxe4 Qe1+ 43. Kg2 Qxe4+ 44. Kg1 Kf8 45. Qd7 Qe6 46.
Qd8+ Kg7 47. Qb6 Kf6 48. c6 Qc8 49. Qb7 Qe6 50. c7 Qe1+ 51. Kg2 Qe4+ 52. Kf1
Qh1+ 53. Ke2 Qe4+ 54. Kd1 Qd3+ 55. Kc1 Qf1+ 56. Kb2 Qxf2+ 57. Ka3 Qe3+ 58. Ka2
Qd2+ 59. Qb2+ Qxb2+ 60. Kxb2 Ke5 61. c8=Q Ke4 62. Qe8+ Kd3 63. Qxf7 d4 64. Kc1
Ke3 65. Qxh7 Ke2 66. Qe7+ Kd3 67. Kd1 Kc3 68. Qe4 g5 69. h4 gxh4 70. gxh4 d3
71. h5 Kb2 72. h6 d2 73. h7 Kb3 74. Qc2+ Ka3 75. h8=Q Kb4 76. Qhb2+ Ka5 77.
Qcb3 Ka6 78. Q2a2# 1-0

[Event "Flint (Class C/3)"]
[Site "?"]
[Date "1993.??.??"]
[Round "?"]
[White "Motley, Gerald"]
[Black "Attaya, Jim"]
[Result "0-1"]
[WhiteElo "1605"]
[BlackElo "1605"]
[PlyCount "64"]
[EventDate "1993.??.??"]

1. c4 Nf6 2. d4 d6 3. Nf3 c5 4. d5 b5 5. b3 g6 6. Bb2 Bg7 7. e3 O-O 8. Bd3 bxc4
9. Bxc4 Ba6 10. Nbd2 Qc7 11. Qc2 Bxc4 12. bxc4 a5 13. h4 a4 14. a3 Nbd7 15. Qc3
Rfb8 16. h5 Ne8 17. hxg6 fxg6 18. Nd4 cxd4 19. exd4 Nc5 20. Bc1 Nb3 21. Ra2
Bxd4 22. Qh3 Nf6 23. Qe6+ Kf8 24. Nxb3 axb3 25. Bh6+ Ke8 26. Re2 Qd7 27. Bg5
Qxe6 28. Rxe6 b2 29. Ke2 b1=Q 30. Bxf6 Rb2+ 31. Kf3 Rxa3+ 32. Kg4 Qf5+ 0-1

[Event "Flint (Class C/5)"]
[Site "?"]
[Date "1993.??.??"]
[Round "?"]
[White "Motley, Gerald"]
[Black "Asbury, Victor"]
[Result "0-1"]
[WhiteElo "1605"]
[BlackElo "1605"]
[PlyCount "124"]
[EventDate "1993.??.??"]

1. c4 c5 2. Nf3 Nc6 3. e3 g6 4. d4 cxd4 5. exd4 Bg7 6. a3 Qa5+ 7. Nc3 Qb6 8. c5
Qd8 9. Be3 e6 10. Bb5 Nge7 11. O-O O-O 12. Bxc6 bxc6 13. Ne4 Ba6 14. Re1 Rb8
15. b4 Nc8 16. Rc1 f5 17. Nd6 Nxd6 18. cxd6 f4 19. Bd2 g5 20. Ne5 Rb5 21. Qa4
Rb6 22. Bc3 Rf5 23. Qc2 Rb5 24. Qa4 Rb6 25. Bb2 Bxe5 26. dxe5 Qb8 27. Bd4 Bb5
28. Qb3 Ra6 29. Qh3 Kg7 30. Rc3 Kg6 31. f3 Qf8 32. Rd1 h5 33. g4 fxg3 34. Qxg3
g4 35. Rd2 Rxf3 36. Rxf3 Qxf3 37. Qxf3 gxf3 38. Ra2 Ra4 39. Kf2 Be2 40. Ra1 a5
41. Bc5 Kf5 42. Bb6 axb4 43. Bc5 bxa3 44. Ra2 Kxe5 45. Bxa3 Rg4 46. Bb2+ Kxd6
47. Ba3+ c5 48. Rd2+ Kc6 49. Bb2 Rg2+ 50. Ke3 d5 51. Be5 d4+ 52. Bxd4 cxd4+ 53.
Rxd4 Rxh2 54. Rf4 h4 55. Rf8 h3 56. Rh8 Bd1 57. Rf8 Rg2 58. Rc8+ Kd7 59. Rc1
Be2 60. Rh1 h2 61. Kd2 Kd6 62. Ke3 Kd5 0-1

[Event "Gaylord (NMO/2/9)"]
[Site "?"]
[Date "1993.??.??"]
[Round "?"]
[White "Motiejunas, A."]
[Black "Revnell, Joseph"]
[Result "1-0"]
[WhiteElo "1825"]
[BlackElo "1605"]
[PlyCount "79"]
[EventDate "1993.??.??"]

{2/(9)} 1. e4 e5 2. Nf3 d6 3. Nc3 Nf6 4. h3 Bd7 5. Bc4 h6 6. O-O Be7 7. Qe2 a6
8. a3 Bc6 9. d4 exd4 10. Nxd4 O-O 11. Nf5 b5 12. Ba2 Nbd7 13. Bf4 Nc5 14. e5
Nfe4 15. Nxe4 Bxe4 16. Nxe7+ Qxe7 17. exd6 Qf6 18. Be3 cxd6 19. b4 Qg6 20. f3
Bf5 21. bxc5 Bxh3 22. Qf2 Rfe8 23. Rae1 Re5 24. f4 Rh5 25. Qf3 Re8 26. Bf2 Rc8
27. cxd6 Rc3 28. Re3 Rcc5 29. Re8+ Kh7 30. Bxc5 Rxc5 31. Qxh3 Qxd6 32. Qd3+
Qxd3 33. cxd3 Kg6 34. Re7 f6 35. d4 Rc3 36. f5+ Kh7 37. Rf3 Rc2 38. Rg3 h5 39.
Rgxg7+ Kh8 40. Rg8# 1-0

[Event "Gaylord (NMO/3/5)"]
[Site "?"]
[Date "1993.??.??"]
[Round "?"]
[White "Motiejunas, A."]
[Black "Falkowski, Kenneth"]
[Result "1-0"]
[WhiteElo "1825"]
[BlackElo "1700"]
[PlyCount "65"]
[EventDate "1993.??.??"]

{3/(5)} 1. e4 d6 2. Nc3 Nf6 3. d4 c6 4. Nf3 Bg4 5. Be2 Nbd7 6. Be3 Qa5 7. Qd2
Bh5 8. O-O Bg6 9. Bd3 e5 10. h3 Be7 11. a3 Qc7 12. Nh4 Nxe4 13. Bxe4 Bxe4 14.
Nxe4 Bxh4 15. dxe5 dxe5 16. Nd6+ Kf8 17. Rad1 Rd8 18. Nf5 Bf6 19. Bg5 Nb6 20.
Qxd8+ Qxd8 21. Rxd8+ Bxd8 22. Bxd8 Nd5 23. c4 Nf4 24. Rd1 f6 25. Rd7 Ne6 26.
Ba5 b6 27. Rxa7 g6 28. Ra8+ Kf7 29. Rxh8 gxf5 30. Bxb6 Kg7 31. Rc8 f4 32. a4 f5
33. a5 1-0

[Event "Troy (TCC/A/5/8)"]
[Site "?"]
[Date "1993.??.??"]
[Round "?"]
[White "Morrow, Chris"]
[Black "Taylor, E."]
[Result "1-0"]
[WhiteElo "1835"]
[BlackElo "1950"]
[PlyCount "120"]
[EventDate "1993.??.??"]

{5/(8)} 1. e4 c5 2. c3 e5 3. d4 cxd4 4. cxd4 exd4 5. Qxd4 Nc6 6. Qd1 Nf6 7. Bd3
Be7 8. a3 O-O 9. Nf3 d6 10. b4 Bg4 11. Bb2 Ne5 12. Bxe5 dxe5 13. O-O Qb6 14.
Nbd2 Rfd8 15. Qb1 Nd7 16. Bc4 Qg6 17. Qb3 Bh3 18. Bxf7+ Qxf7 19. Qxf7+ Kxf7 20.
gxh3 b5 21. Rac1 Rac8 22. Nb3 Bf6 23. Rfd1 Nb6 24. Rxd8 Rxd8 25. Rc7+ Rd7 26.
Rxd7+ Nxd7 27. Na5 Ke6 28. Kf1 Nb6 29. Ke2 Kd6 30. Kd3 Ke6 31. Kc3 Nc8 32. Nb7
Nb6 33. Kb3 Kd7 34. Nc5+ Kc6 35. a4 bxa4+ 36. Nxa4 Nd7 37. Nc3 a6 38. Nd5 Bd8
39. Kc4 Nf6 40. Nxe5+ Kb7 41. Nxf6 gxf6 42. Ng4 Kc6 43. Ne3 Kd6 44. Nd5 Ke5 45.
f3 Kd6 46. Kd4 Ke6 47. Ke3 a5 48. b5 Kd6 49. Kd4 a4 50. Kc4 a3 51. Kb3 Kc5 52.
b6 Kc6 53. Kxa3 f5 54. Kb4 fxe4 55. fxe4 Bxb6 56. Nxb6 Kxb6 57. Kc4 Kc6 58. Kd4
Kd6 59. e5+ Ke6 60. h4 h5 1-0

[Event "Troy (TCC/A/2/4)"]
[Site "?"]
[Date "1993.??.??"]
[Round "?"]
[White "Morrow, Chris"]
[Black "Robbins, Fred"]
[Result "0-1"]
[WhiteElo "1835"]
[BlackElo "1930"]
[PlyCount "108"]
[EventDate "1993.??.??"]

{2/(4)} 1. e4 Nf6 2. e5 Nd5 3. d4 d6 4. Nf3 Bg4 5. Be2 e6 6. exd6 cxd6 7. c4
Nf6 8. Nc3 Be7 9. d5 e5 10. O-O O-O 11. Re1 Nbd7 12. Be3 a6 13. Qb3 Qc7 14. Nb1
Ne4 15. Nbd2 Nec5 16. Qc2 Nf6 17. Bxc5 Qxc5 18. Ne4 Nxe4 19. Qxe4 f5 20. Qc2
Bf6 21. Nd2 Bxe2 22. Rxe2 e4 23. Rb1 Rac8 24. b3 Qxd5 25. Nxe4 Qc6 26. Nxf6+
Rxf6 27. Qd3 Re8 28. Rxe8+ Qxe8 29. Qd5+ Qf7 30. Qxf7+ Kxf7 31. Rd1 Re6 32. f4
Ke7 33. Kf2 b6 34. Kf3 Kd7 35. h3 h5 36. Rd5 g6 37. Rd2 Kc6 38. g4 fxg4+ 39.
hxg4 hxg4+ 40. Kxg4 b5 41. cxb5+ axb5 42. Kg5 d5 43. Kg4 Kc5 44. a4 bxa4 45.
bxa4 d4 46. Kf3 Kc4 47. Re2 Ra6 48. Ke4 d3 49. Rg2 Re6+ 50. Kf3 Kc3 51. Kg4 d2
52. Rxd2 Kxd2 53. Kg5 Kc3 54. a5 Kd4 0-1

[Event "Eastpointe (EDO/2/3)"]
[Site "?"]
[Date "1993.??.??"]
[Round "?"]
[White "Morrow, Chris"]
[Black "Linn, Peter"]
[Result "1/2-1/2"]
[WhiteElo "1835"]
[BlackElo "2140"]
[PlyCount "70"]
[EventDate "1993.??.??"]

{2/(3)} 1. e4 e6 2. d4 d5 3. exd5 exd5 4. Nf3 Nc6 5. Bd3 Bd6 6. Be3 Bg4 7. c3
Nge7 8. Nbd2 Qd7 9. Qc2 Bf5 10. Bxf5 Qxf5 11. Qxf5 Nxf5 12. O-O O-O 13. Rfe1
Rfe8 14. Nf1 f6 15. Bd2 Kf7 16. Ne3 Nxe3 17. Rxe3 Rxe3 18. Bxe3 Nd8 19. Re1 Ne6
20. Nh4 g6 21. g3 f5 22. Bd2 Re8 23. Nf3 c6 24. Kg2 f4 25. Kh3 g5 26. Kg2 Kf6
27. g4 Ng7 28. Rxe8 Nxe8 29. Ne1 Kg6 30. Nd3 Nf6 31. f3 Nd7 32. h4 h6 33. h5+
Kf6 34. Kf2 Nb6 35. b3 Nd7 1/2-1/2